A treatise on the practical drainage of land (Record no. 113886)

MARC details
000 -LEADER
fixed length control field 00532cam a22001815a 4500
001 - CONTROL NUMBER
control field L155870
008 - FIXED-LENGTH DATA ELEMENTS--GENERAL INFORMATION
fixed length control field 120418s1844 xxk f 000 0 eng d
035 ## - SYSTEM CONTROL NUMBER
System control number (Sirsi) u155870
041 0# - LANGUAGE CODE
Language code of text/sound track or separate title eng
100 1# - MAIN ENTRY--PERSONAL NAME
Personal name Hutchinson, Henry
245 02 - TITLE STATEMENT
Title A treatise on the practical drainage of land
260 ## - PUBLICATION, DISTRIBUTION, ETC.
Place of publication, distribution, etc. London
Name of publisher, distributor, etc. Houlston and Stoneman
Date of publication, distribution, etc. 1844
300 ## - PHYSICAL DESCRIPTION
Extent viii, 207p.
Other physical details ill., 4 fold. plans
Dimensions 23cm.
583 ## - ACTION NOTE
Action Condition reviewed
Time/date of action 20120620
Status condition level 3
651 #4 - SUBJECT ADDED ENTRY--GEOGRAPHIC NAME
Geographic name Great Britain
Chronological subdivision 1707-
690 ## - LOCAL SUBJECT ADDED ENTRY--TOPICAL TERM (OCLC, RLIN)
Topical term or geographic name as entry element Rural
9 (RLIN) 6268
942 ## - ADDED ENTRY ELEMENTS (KOHA)
Suppress in OPAC 0
Holdings
Withdrawn status Lost status Damaged status Not for loan Home library Current library Shelving location Date acquired Total Checkouts Full call number Barcode Date last seen Copy number Price effective from Koha item type
        Historic collection Historic collection Historic collection 18/04/2012   AGRICULTURE OCTAVO 1844 HUTCHINSON 30076774 20/08/2025 1 06/08/2019 Book